Platelet Disorders And Anaesthia / (رقم التسجيلة. 180662)

تفاصيل مارك
000 -LEADER
fixed length control field 01286namaa22003251i 4500
005 - أخر تعامل مع التسجيلة
control field 20260701095236.0
008 - FIXED-LENGTH DATA ELEMENTS--GENERAL INFORMATION
fixed length control field 260701s1994 ua a|||frm||| 000 0 eng d
040 ## - CATALOGING SOURCE
Original cataloguing agency EG-GICUC
Language of cataloging eng
Transcribing agency EG-GICUC
Modifying agency EG-GICUC
Description conventions rda
041 0# - LANGUAGE CODE
Language code of text/sound track or separate title eng
Language code of summary or abstract eng
-- ara
049 ## - Acquisition Source
Acquisition Source Deposite
097 ## - Degree
Degree M.Sc
099 ## - LOCAL FREE-TEXT CALL NUMBER (OCLC)
Local Call Number Cai01.11.01.M.Sc.1994.El.P.
100 0# - MAIN ENTRY--PERSONAL NAME
Authority record control number or standard number Elham Rousshdy Soliman,
Preparation preparation.
245 10 - TITLE STATEMENT
Title Platelet Disorders And Anaesthia /
Statement of responsibility, etc. By Elham Rousshdy Soliman; Supervised By Prof.Dr. Safwat H. Lotfy, Dr. Mohamed Hani Kamal, Dr. Ahmed Helmi.
246 15 - VARYING FORM OF TITLE
Title proper/short title التخدير واضطرابات الصفائح الدموية /
264 #0 - PRODUCTION, PUBLICATION, DISTRIBUTION, MANUFACTURE, AND COPYRIGHT NOTICE
Date of production, publication, distribution, manufacture, or copyright notice 1994.
300 ## - PHYSICAL DESCRIPTION
Extent 129 pages :
Other physical details illustrations ;
Dimensions 30 cm. +
336 ## - CONTENT TYPE
Source rda content
Content type term text
337 ## - MEDIA TYPE
Source rdamedia
Media type term Unmediated
338 ## - CARRIER TYPE
Source rdacarrier
Carrier type term volume
502 ## - DISSERTATION NOTE
Dissertation note Thesis (M.Sc.)-Cairo University, 1994.
504 ## - BIBLIOGRAPHY, ETC. NOTE
Bibliography, etc. note Bibliography: pages 106-129.
653 #0 - INDEX TERM--UNCONTROLLED
Uncontrolled term Anaesthesiology
700 0# - ADDED ENTRY--PERSONAL NAME
Personal name Safwat H. Lotfy
Relator term thesis advisor.
700 0# - ADDED ENTRY--PERSONAL NAME
Personal name Mohamed Hani Kamal
Relator term thesis advisor.
700 0# - ADDED ENTRY--PERSONAL NAME
Personal name Ahmed Helmi
Relator term thesis advisor.
900 ## - Thesis Information
Department Department of Anaesthesiology
Faculties Faculty of Medicine
Universities Cairo University
Grant date 1994
Supervisory body Safwat H. Lotfy
-- Mohamed Hani Kamal
-- Ahmed Helmi
905 ## - Cataloger and Reviser Names
Cataloger Name Eman El gebaly
942 ## - ADDED ENTRY ELEMENTS (KOHA)
Source of classification or shelving scheme Dewey Decimal Classification
Koha item type Thesis
Edition 21
Suppress in OPAC No
المقتنيات
Source of classification or shelving scheme Home library Current library Date acquired Inventory number Full call number Barcode Date last seen Effective from Koha item type
Dewey Decimal Classification المكتبة المركزبة الجديدة - جامعة القاهرة مكتبة المئوية 01.07.2026 25477 Cai01.11.01.M.Sc.1994.El.P. 01010110025477000 01.07.2026 01.07.2026 Thesis
Cairo University Libraries Portal Implemented & Customized by: Eng. M. Mohamady Contacts: new-lib@cl.cu.edu.eg | cnul@cl.cu.edu.eg
CUCL logo CNUL logo
© All rights reserved — Cairo University Libraries
CUCL logo
Implemented & Customized by: Eng. M. Mohamady Contact: new-lib@cl.cu.edu.eg © All rights reserved — New Central Library
CNUL logo
Implemented & Customized by: Eng. M. Mohamady Contact: cnul@cl.cu.edu.eg © All rights reserved — Cairo National University Library